[Event "34th WCh U20 Girls"]
[Site "Bhubaneswar IND"]
[Date "2016.08.14"]
[Round "7.18"]
[White "Kiolbasa, Oliwia"]
[Black "Santeramo, Alessia"]
[Result "1-0"]
[WhiteElo "2319"]
[BlackElo "2137"]
[EventDate "2016.08.08"]
[PlyCount "89"]

1.e4 e5 2.Nf3 Nc6 3.Bb5 a6 4.Ba4 Nf6 5.O-O Be7 6.Re1 b5 7.Bb3 d6 8.c3 O-O 
9.d4 Bg4 10.d5 Na5 11.Bc2 c6 12.h3 Bc8 13.dxc6 Qc7 14.Nbd2 Qxc6 15.Nf1 Be6
16.Ng3 g6 17.a4 Nc4 18.Ng5 Bd7 19.b3 Na5 20.axb5 axb5 21.Bd2 Ra6 22.Nf1 
Rfa8 23.Ne3 Qc8 24.b4 Nc4 25.Rxa6 Rxa6 26.Nxc4 bxc4 27.Nf3 Ne8 28.Bg5 f6 
29.Bc1 Nc7 30.Nh2 Be6 31.f4 Nb5 32.f5 Bf7 33.fxg6 hxg6 34.Qf3 Be6 35.Rf1 
Kg7 36.Bd1 Qa8 37.Ng4 Bxg4 38.hxg4 Qg8 39.g5 fxg5 40.Qg3 Qd8 41.Bg4 Qb6+ 
42.Be3 Qb7 43.Qf3 Ra8 44.Qf7+ Kh6 45.Rf3 1-0

[Event "34th WCh U20 Girls"]
[Site "Bhubaneswar IND"]
[Date "2016.08.14"]
[Round "7.19"]
[White "Priyanka, Nutakki"]
[Black "Chandreyee, Hajra"]
[Result "1/2-1/2"]
[WhiteElo "2234"]
[BlackElo "1931"]
[EventDate "2016.08.08"]
[PlyCount "90"]

1.d4 d5 2.c4 e6 3.Nc3 Nf6 4.Nf3 Be7 5.Bg5 O-O 6.e3 h6 7.Bh4 Ne4 8.Bxe7 
Qxe7 9.cxd5 Nxc3 10.bxc3 exd5 11.Qb3 Rd8 12.c4 dxc4 13.Bxc4 Nc6 14.Be2 Na5
15.Qc3 b6 16.O-O Bb7 17.Ne5 c5 18.dxc5 Rac8 19.Nf3 Rxc5 20.Qb4 Nc6 21.Qf4 
Ne5 22.Rfd1 Nxf3+ 23.Bxf3 Bxf3 24.Qxf3 Rc2 25.h3 Rdc8 26.Rd4 R8c6 27.a4 
Qc7 28.Rad1 Rc1 29.g3 Rxd1+ 30.Rxd1 Rc1 31.Qa8+ Kh7 32.Rxc1 Qxc1+ 33.Kg2 
Qc7 34.Qe4+ g6 35.Qd5 h5 36.h4 a6 37.e4 Kg7 38.Qd4+ Kh7 39.Qd5 Kg7 40.Qd4+
Kh7 41.Qd5 Kg7 42.Qd4+ Kh7 43.Qd5 Kg7 44.Qd4+ Kh7 45.Qd5 Kg7 1/2-1/2

[Event "34th WCh U20 Girls"]
[Site "Bhubaneswar IND"]
[Date "2016.08.14"]
[Round "7.20"]
[White "Bala Kannamma, P."]
[Black "Uuriintuya, Uurtsaikh"]
[Result "1/2-1/2"]
[WhiteElo "2039"]
[BlackElo "2199"]
[EventDate "2016.08.08"]
[PlyCount "82"]

1.e4 c5 2.Nf3 Nc6 3.d4 cxd4 4.Nxd4 g6 5.c4 Bg7 6.Be3 Nf6 7.Nc3 O-O 8.Be2 
d6 9.O-O Bd7 10.Rc1 Nxd4 11.Bxd4 Bc6 12.f3 a5 13.b3 Nd7 14.Bxg7 Kxg7 15.
Qd4+ Kg8 16.Rfd1 h5 17.Kh1 Qb6 18.Qd2 Nc5 19.Rb1 Kh7 20.Bd3 Rae8 21.Bc2 
Ne6 22.f4 Qb4 23.Rf1 Nc5 24.Qe3 Nd7 25.Rbe1 Qc5 26.Qh3 Kg7 27.Nd5 Nf6 28.
Qd3 b5 29.f5 bxc4 30.bxc4 Ng4 31.Qe2 Qd4 32.Nf4 Qe5 33.h3 Nf6 34.Qe3 h4 
35.Rf2 Rh8 36.fxg6 fxg6 37.Nxg6 Kxg6 38.Rf5 Qg3 39.Rf3 Qe5 40.Rf5 Qg3 41.
Rf3 Qe5 1/2-1/2

[Event "34th WCh U20 Girls"]
[Site "Bhubaneswar IND"]
[Date "2016.08.14"]
[Round "7.21"]
[White "Choladze, Mariami"]
[Black "Mendoza, Shania Mae"]
[Result "0-1"]
[WhiteElo "2077"]
[BlackElo "2191"]
[EventDate "2016.08.08"]
[PlyCount "76"]

1.e4 e6 2.d4 d5 3.Nd2 c5 4.exd5 Qxd5 5.Ngf3 cxd4 6.Bc4 Qd6 7.O-O Nf6 8.Nb3
Nc6 9.Nbxd4 Nxd4 10.Nxd4 a6 11.c3 Be7 12.Qe2 O-O 13.Bg5 b5 14.Bb3 Bb7 15.
Rad1 Qc7 16.Rfe1 Kh8 17.Bc2 Rfd8 18.Qd3 g6 19.Qh3 Rd5 20.Qh4 Ng8 21.Nf3 
Rxd1 22.Bxd1 Bxf3 23.Bxf3 Bxg5 24.Qxg5 Rd8 25.h4 Kg7 26.h5 h6 27.Qe3 g5 
28.a4 Nf6 29.axb5 axb5 30.Ra1 Rd7 31.Ra8 g4 32.Be2 Rd5 33.f3 Rxh5 34.fxg4 
Qh2+ 35.Kf1 Re5 36.Qh3 Qf4+ 37.Qf3 Qc1+ 38.Bd1 Re3 0-1

[Event "34th WCh U20 Girls"]
[Site "Bhubaneswar IND"]
[Date "2016.08.14"]
[Round "7.22"]
[White "Hoare, Amy"]
[Black "Sapale, Saloni"]
[Result "1/2-1/2"]
[WhiteElo "2017"]
[BlackElo "2080"]
[EventDate "2016.08.08"]
[PlyCount "69"]

1.e4 e6 2.d4 d5 3.Nd2 Nf6 4.e5 Nfd7 5.f4 c5 6.c3 Nc6 7.Ndf3 cxd4 8.cxd4 
Qb6 9.a3 a5 10.b3 Be7 11.h4 f6 12.Bd3 Nf8 13.Ne2 Bd7 14.h5 Na7 15.Nc3 Qc7 
16.Bb2 b5 17.Rc1 Qb7 18.Ne2 Nc8 19.Rc2 a4 20.b4 Nb6 21.g4 Nc4 22.Bc1 O-O-O
23.Ng3 Kb8 24.Qe2 Bc6 25.Rc3 Ka8 26.Rh2 Re8 27.Bb1 Nd7 28.Rf2 Bd8 29.Rf1 
Bb6 30.Qg2 Qa7 31.Ne2 Qb7 32.Ng3 Qa7 33.Ne2 Qb7 34.Ng3 Qa7 35.Ne2 1/2-1/2

[Event "34th WCh U20 Girls"]
[Site "Bhubaneswar IND"]
[Date "2016.08.14"]
[Round "7.23"]
[White "Hiebler, Laura"]
[Black "Thomas, Anysia"]
[Result "1/2-1/2"]
[WhiteElo "2110"]
[BlackElo "2049"]
[EventDate "2016.08.08"]
[PlyCount "115"]

1.c4 Nf6 2.g3 g6 3.Bg2 d5 4.cxd5 Nxd5 5.Nc3 Nxc3 6.bxc3 Bg7 7.Rb1 c6 8.Nf3
O-O 9.O-O Qa5 10.Qc2 b5 11.Nd4 Bxd4 12.cxd4 Be6 13.d5 cxd5 14.Qc5 a6 15.
Qxe7 Qd8 16.Qc5 Nd7 17.Qd4 Qb6 18.Bb2 Qxd4 19.Bxd4 Rac8 20.Rfc1 Rfe8 21.d3
Nf8 22.Kf1 Nd7 23.Ke1 Nb8 24.Kd2 Nc6 25.Bb6 Bg4 26.e3 Be6 27.Rc2 Ne5 28.
Rxc8 Rxc8 29.f4 Ng4 30.h3 Nh6 31.Rc1 Rxc1 32.Kxc1 d4 33.Kb2 dxe3 34.Bxe3 
Nf5 35.Bf2 h5 36.Bb7 a5 37.Bc6 b4 38.Be4 Nd6 39.Bg2 Nb5 40.Bc6 Nc3 41.Be1 
Nxa2 42.h4 Kf8 43.d4 Nc3 44.Bxc3 bxc3+ 45.Kxc3 Ke7 46.d5 Bd7 47.Bb7 Kd6 
48.Kd4 Bb5 49.f5 a4 50.fxg6 fxg6 51.Bc8 a3 52.Kc3 a2 53.Kb2 Bc4 54.g4 Bxd5
55.gxh5 gxh5 56.Bf5 Bf7 57.Be4 Ke5 58.Bf3 1/2-1/2

[Event "34th WCh U20 Girls"]
[Site "Bhubaneswar IND"]
[Date "2016.08.14"]
[Round "7.24"]
[White "Ayinala, Shree"]
[Black "Gamage, Nethmi Nirasha"]
[Result "1-0"]
[WhiteElo "1464"]
[BlackElo "1559"]
[EventDate "2016.08.08"]
[PlyCount "89"]

1.c4 e5 2.Nc3 Nc6 3.g3 f5 4.Bg2 Nf6 5.e3 d5 6.cxd5 Nb4 7.d4 e4 8.Nge2 Nd3+
9.Kf1 Ng4 10.Nf4 Ndxf2 11.Qe2 Nxh1 12.Bxh1 Bd7 13.Ne6 Bxe6 14.dxe6 a6 15.
Bxe4 fxe4 16.Qxg4 Qf6+ 17.Kg1 Qf3 18.Qxf3 exf3 19.e4 O-O-O 20.Nd5 Re8 21.
Nc3 Rxe6 22.Bf4 c6 23.Rc1 Bd6 24.Kf2 Rf8 25.e5 Bc7 26.Ne4 Rd8 27.Ng5 Rh6 
28.Nxf3 Re6 29.Be3 h6 30.Ke2 Kb8 31.Nd2 Bb6 32.Nb3 Rd5 33.Kf3 Re8 34.Ke4 
Bc7 35.Rc5 Rxc5 36.Nxc5 Bd6 37.Kf5 Bxc5 38.dxc5 g5 39.Bd4 Rd8 40.e6 Re8 
41.Kf6 Rf8+ 42.Kg7 Rf1 43.e7 Re1 44.Kf7 Rf1+ 45.Bf6 1-0

[Event "34th WCh U20 Girls"]
[Site "Bhubaneswar IND"]
[Date "2016.08.14"]
[Round "7.25"]
[White "Divya Lakshmi, R."]
[Black "Omurbekova, Diana"]
[Result "1-0"]
[WhiteElo "1864"]
[BlackElo "1886"]
[EventDate "2016.08.08"]
[PlyCount "57"]

1.e4 e5 2.Nf3 Nc6 3.Bb5 a6 4.Ba4 Nf6 5.d3 d6 6.c3 Be7 7.h3 h6 8.O-O Bd7 9.
Nbd2 O-O 10.Re1 Na5 11.Bc2 c5 12.Nf1 b5 13.Ng3 Qc8 14.d4 cxd4 15.cxd4 Nc6 
16.d5 Nb4 17.Bb1 a5 18.Nh4 Re8 19.Nhf5 Bf8 20.Bd2 Na6 21.Bxa5 Nc5 22.Bd2 
Ncxe4 23.Bxe4 Nxe4 24.Nxh6+ gxh6 25.Nxe4 Qd8 26.Qh5 Qe7 27.Bxh6 Bg7 28.
Bxg7 Kxg7 29.Re3 1-0

[Event "34th WCh U20 Girls"]
[Site "Bhubaneswar IND"]
[Date "2016.08.14"]
[Round "7.26"]
[White "Gomez Barrera, Javiera Belen"]
[Black "Vantika, Agrawal"]
[Result "1-0"]
[WhiteElo "2055"]
[BlackElo "1974"]
[EventDate "2016.08.08"]
[PlyCount "77"]

1.e4 c5 2.Nf3 e6 3.d4 cxd4 4.Nxd4 Nc6 5.Nb5 d6 6.c4 Nf6 7.N1c3 a6 8.Na3 b6
9.Be2 Bb7 10.O-O Be7 11.Be3 Ne5 12.f3 O-O 13.Qd2 Rc8 14.Rfd1 Qc7 15.Rac1 
Rfe8 16.Kh1 Qb8 17.Bf1 Ned7 18.Rc2 h5 19.Qf2 Bd8 20.Rcd2 Bc7 21.Bf4 Ne5 
22.b4 d5 23.Bg5 Nh7 24.exd5 exd5 25.Be3 Nxc4 26.Nxc4 dxc4 27.Bxb6 Bxh2 28.
Rd7 Bc6 29.Ra7 Bg3 30.Qd4 Be5 31.Qxc4 Bb7 32.Bc5 Qxa7 33.Rd7 Rxc5 34.Qxf7+
Kh8 35.Qxe8+ Nf8 36.Qxf8+ Kh7 37.Qxc5 Qb8 38.Rxb7 Qe8 39.Re7 1-0

[Event "34th WCh U20 Girls"]
[Site "Bhubaneswar IND"]
[Date "2016.08.14"]
[Round "7.27"]
[White "Barbier, Astrid"]
[Black "Albekova, Dilyara"]
[Result "0-1"]
[WhiteElo "1853"]
[BlackElo "1732"]
[EventDate "2016.08.08"]
[PlyCount "106"]

1.e4 d5 2.exd5 Nf6 3.Bb5+ Bd7 4.Be2 Bf5 5.Nf3 Nxd5 6.d3 Nc6 7.c3 e5 8.O-O 
Be7 9.Re1 Qd7 10.Bf1 f6 11.d4 e4 12.Nfd2 Bg4 13.Be2 Bxe2 14.Qxe2 f5 15.Nc4
O-O 16.Nba3 a6 17.f3 b5 18.fxe4 fxe4 19.Ne3 Nf4 20.Qg4 Qxg4 21.Nxg4 Nd3 
22.Rxe4 h5 23.d5 Nxc1 24.Rxc1 hxg4 25.dxc6 Bc5+ 26.Kh1 Rf2 27.Rxg4 Raf8 
28.g3 Rxb2 29.Nb1 Rff2 30.Rh4 Rxa2 31.Rd1 Rab2 32.g4 a5 33.g5 Kf7 34.g6+ 
Kxg6 35.Rg1+ Kf6 36.Rh5 Bd6 37.Rd1 Rxh2+ 38.Rxh2 Rxh2+ 39.Kg1 Rb2 40.Nd2 
Bc5+ 41.Kf1 Bb6 42.c4 b4 43.c5 Ba7 44.Nc4 Rc2 45.Ne3 Rxc5 46.Nd5+ Ke5 47.
Nxc7 Rxc6 48.Re1+ Kf4 49.Ne6+ Kf3 50.Ng5+ Kg4 51.Ne6 b3 52.Nxg7 b2 53.Kg2 
Rc2+ 0-1

[Event "34th WCh U20 Girls"]
[Site "Bhubaneswar IND"]
[Date "2016.08.14"]
[Round "7.28"]
[White "Kakulidis, Ellen"]
[Black "Minaud, Emily"]
[Result "1/2-1/2"]
[WhiteElo "1989"]
[BlackElo "1721"]
[EventDate "2016.08.08"]
[PlyCount "115"]

1.d4 Nf6 2.c4 e6 3.Nf3 b6 4.g3 Bb7 5.Bg2 Be7 6.O-O O-O 7.Re1 d5 8.cxd5 
exd5 9.Nc3 Nbd7 10.Bf4 a6 11.Qa4 c5 12.dxc5 Nxc5 13.Qd1 Nce4 14.Rc1 Bb4 
15.Be5 Rc8 16.Qb3 Bc5 17.Bd4 Bxd4 18.Nxd4 Nd2 19.Qd1 Nfe4 20.Nxe4 Nxe4 21.
Qd3 Qf6 22.Bf3 Nc5 23.Qd1 Ne4 24.e3 Nc5 25.Bg2 Ne4 26.Qe2 Ng5 27.Red1 Ne4 
28.Bh3 Rc4 29.Bg2 Rcc8 30.a3 Rc4 31.Rxc4 dxc4 32.Bxe4 Bxe4 33.Qxc4 b5 34.
Qe2 Rd8 35.Rc1 Qh6 36.f3 Bb7 37.Rc7 Qb6 38.Rc3 b4 39.axb4 Qxb4 40.Nc6 Bxc6
41.Rxc6 a5 42.Rc4 Qb3 43.Rd4 Rc8 44.Rd3 Qb4 45.Qd2 Qxd2 46.Rxd2 g6 47.e4 
Kg7 48.Kf2 h6 49.e5 Rc5 50.f4 Rb5 51.Kf3 Rb4 52.g4 Rb3+ 53.Kg2 Rb4 54.Kg3 
Rb3+ 55.Kh4 Rf3 56.Rd5 Rxf4 57.Rxa5 Rb4 58.Kg3 1/2-1/2

[Event "34th WCh U20 Girls"]
[Site "Bhubaneswar IND"]
[Date "2016.08.15"]
[Round "8.1"]
[White "Nandhidhaa, Venkatachalam"]
[Black "Dordzhieva, Dinara"]
[Result "1/2-1/2"]
[WhiteElo "2151"]
[BlackElo "2304"]
[EventDate "2016.08.08"]
[PlyCount "60"]

1.e4 c5 2.b3 Nc6 3.Bb2 d6 4.Bb5 Bd7 5.f4 a6 6.Bxc6 Bxc6 7.Nc3 Nf6 8.Qe2 e6
9.Nf3 Be7 10.O-O-O b5 11.e5 b4 12.exf6 bxc3 13.dxc3 Bxf6 14.g4 c4 15.Rhe1 
Bxf3 16.Qxf3 O-O 17.g5 Be7 18.h4 a5 19.f5 e5 20.Rf1 f6 21.Qd5+ Kh8 22.g6 
cxb3 23.cxb3 a4 24.gxh7 Ra5 25.Qg2 Qa8 26.Qg6 Qe4 27.b4 a3 28.Ba1 Ra7 29.
Rg1 Qe3+ 30.Kc2 Bd8 1/2-1/2

[Event "34th WCh U20 Girls"]
[Site "Bhubaneswar IND"]
[Date "2016.08.15"]
[Round "8.2"]
[White "Frayna, Janelle Mae"]
[Black "Buksa, Natalia"]
[Result "1/2-1/2"]
[WhiteElo "2292"]
[BlackElo "2261"]
[EventDate "2016.08.08"]
[PlyCount "166"]

1.Nf3 Nf6 2.c4 e6 3.g3 d5 4.Bg2 dxc4 5.Qa4+ Bd7 6.Qxc4 Nc6 7.d4 Bd6 8.Nc3 
O-O 9.O-O h6 10.Rd1 Re8 11.a3 a6 12.b4 Qb8 13.e4 e5 14.d5 Ne7 15.Qd3 Nc8 
16.Nd2 c6 17.dxc6 Bxc6 18.Nc4 Bc7 19.Nd5 Nxd5 20.exd5 Ba4 21.Re1 Bb5 22.a4
Bxc4 23.Qxc4 Nd6 24.Qg4 Qc8 25.Qxc8 Raxc8 26.Be3 Nc4 27.Bc5 Bd6 28.Bh3 
Rcd8 29.Rec1 b5 30.axb5 axb5 31.Bf1 Bxc5 32.bxc5 Rxd5 33.Bxc4 bxc4 34.Rxc4
Rc8 35.c6 Rc7 36.Rb1 Rd6 37.Rbc1 Kf8 38.Kg2 Ke7 39.Kf3 Ke6 40.g4 g6 41.
R1c2 Rd3+ 42.Kg2 Rd4 43.Rc5 Rxg4+ 44.Kf3 Rb4 45.R5c3 h5 46.Ke3 g5 47.Rd2 
Rb6 48.Rdc2 Rb5 49.Rd2 Rd5 50.Rb2 Rd6 51.Rbc2 f5 52.Ke2 g4 53.h3 Kf6 54.
Kf1 f4 55.Kg2 Kg5 56.Rc5 Re6 57.Kh2 Kh4 58.R2c4 gxh3 59.Rc3 Kg4 60.R5c4 
Rd6 61.Rg3+ Kf5 62.Rxh3 Kg5 63.Rc5 Re6 64.Rhc3 Kf5 65.Kh3 Rd6 66.Rc2 Rd3+ 
67.Kh2 Rd6 68.Kh3 h4 69.Re2 Re6 70.f3 Kf6 71.Re4 Rcxc6 72.Rexe5 Rxe5 73.
Rxc6+ Kg5 74.Rc8 Re1 75.Rc5+ Kg6 76.Kxh4 Rg1 77.Rc4 Kf5 78.Rc5+ Kf6 79.
Rc6+ Ke5 80.Rc5+ Kf6 81.Rc6+ Kf5 82.Rc5+ Kf6 83.Rc6+ Kf5 1/2-1/2

[Event "34th WCh U20 Girls"]
[Site "Bhubaneswar IND"]
[Date "2016.08.15"]
[Round "8.3"]
[White "Saduakasova, Dinara"]
[Black "Salonika, Saina"]
[Result "1-0"]
[WhiteElo "2423"]
[BlackElo "2131"]
[EventDate "2016.08.08"]
[PlyCount "59"]

1.d4 Nf6 2.c4 g6 3.g3 Bg7 4.Bg2 O-O 5.Nc3 d6 6.Nf3 Nc6 7.O-O a6 8.Qc2 Rb8 
9.Rd1 Bd7 10.e4 e5 11.d5 Ne7 12.c5 Nh5 13.b4 f5 14.Ng5 Qc8 15.Qb3 h6 16.
cxd6 cxd6 17.Ne6 Rf6 18.b5 axb5 19.Ba3 Qc4 20.Bxd6 Re8 21.Nxg7 Nxg7 22.
Bxe5 Rf7 23.Rab1 Nc8 24.f4 Nh5 25.Qxc4 bxc4 26.Rxb7 fxe4 27.Bxe4 Bf5 28.
Rxf7 Kxf7 29.Bxf5 gxf5 30.d6 1-0

[Event "34th WCh U20 Girls"]
[Site "Bhubaneswar IND"]
[Date "2016.08.15"]
[Round "8.4"]
[White "Priyanka, K."]
[Black "Bivol, Alina"]
[Result "0-1"]
[WhiteElo "2048"]
[BlackElo "2362"]
[EventDate "2016.08.08"]
[PlyCount "122"]

1.e4 e6 2.d4 d5 3.Nc3 Bb4 4.e5 Ne7 5.Bd2 O-O 6.f4 c5 7.Nf3 cxd4 8.Nb5 
Bxd2+ 9.Qxd2 Nec6 10.O-O-O Nd7 11.Nbxd4 Nc5 12.Bd3 f5 13.exf6 Qxf6 14.g3 
Nxd4 15.Nxd4 Bd7 16.Kb1 Rac8 17.Rhe1 Be8 18.Qe3 Bh5 19.Rd2 Rfe8 20.Qe5 Qh6
21.Bb5 Ne4 22.Rxe4 dxe4 23.Bxe8 Rxe8 24.Qxe4 e5 25.Nf5 Qb6 26.b3 exf4 27.
Qxf4 Qf6 28.Nd4 Qe7 29.Rf2 Rc8 30.Kb2 Rd8 31.g4 Bg6 32.c3 Qe1 33.Rf1 Qe7 
34.Rf2 Qe1 35.Nf5 Re8 36.Qd2 Qe5 37.Ng3 Qc7 38.Qf4 Qc5 39.Qd4 Qg5 40.Qc4+ 
Kh8 41.Qf4 Qd8 42.h4 h6 43.h5 Bh7 44.Rd2 Qh4 45.Nf5 Qe1 46.Qf2 Qe4 47.Rd4 
Qe5 48.Nd6 Re7 49.Nc4 Qb8 50.Nd6 Bg8 51.Nf5 Re6 52.Qd2 b5 53.Rd6 Qc8 54.
Qd4 Qb7 55.Rd7 Re2+ 56.Ka3 b4+ 57.Qxb4 Qxd7 58.Qf8 Qf7 59.Qd6 Rxa2+ 60.
Kxa2 Qxb3+ 61.Ka1 Qa2# 0-1

[Event "34th WCh U20 Girls"]
[Site "Bhubaneswar IND"]
[Date "2016.08.15"]
[Round "8.5"]
[White "Michelle Catherina"]
[Black "Gu Tianlu"]
[Result "1/2-1/2"]
[WhiteElo "2205"]
[BlackElo "2239"]
[EventDate "2016.08.08"]
[PlyCount "107"]

1.e4 e5 2.Nf3 Nc6 3.Bb5 a6 4.Ba4 Nf6 5.d3 b5 6.Bb3 Bc5 7.Nc3 d6 8.Nd5 h6 
9.c3 Rb8 10.O-O O-O 11.h3 Nxd5 12.Bxd5 Ne7 13.Bb3 Ng6 14.Be3 Bxe3 15.fxe3 
a5 16.Qe1 a4 17.Bc2 Be6 18.Qg3 Qe7 19.d4 Bd7 20.a3 c5 21.h4 Rfe8 22.h5 Nf8
23.Nh4 Nh7 24.Nf5 Bxf5 25.Rxf5 Rbd8 26.Rd1 Nf6 27.Rdf1 Kh8 28.Qh4 Rd7 29.
c4 exd4 30.exd4 Nxe4 31.Qxe7 Rexe7 32.dxc5 Nxc5 33.cxb5 Re2 34.R1f2 Re1+ 
35.Rf1 Re2 36.R1f2 Re1+ 37.Kh2 Kg8 38.Rd2 Rc1 39.Rxc5 dxc5 40.Rxd7 Rxc2 
41.b6 Rxb2 42.b7 Kh7 43.Rxf7 c4 44.Rc7 c3 45.Rxc3 Rxb7 46.Rc4 Ra7 47.g4 g6
48.Kh3 gxh5 49.gxh5 Ra5 50.Rc7+ Kg8 51.Kh4 Rd5 52.Rc4 Ra5 53.Rc7 Rd5 54.
Rc4 1/2-1/2

[Event "34th WCh U20 Girls"]
[Site "Bhubaneswar IND"]
[Date "2016.08.15"]
[Round "8.6"]
[White "Rodriguez Rueda, Paula Andrea"]
[Black "Alinasab, Mobina"]
[Result "1-0"]
[WhiteElo "2321"]
[BlackElo "2199"]
[EventDate "2016.08.08"]
[PlyCount "57"]

1.d4 e6 2.c4 Nf6 3.Nc3 Bb4 4.e3 b6 5.Ne2 Ne4 6.f3 Nxc3 7.bxc3 Be7 8.Ng3 
O-O 9.Bd3 Nc6 10.O-O Ba6 11.e4 Na5 12.Qe2 d6 13.f4 f6 14.e5 dxe5 15.fxe5 
f5 16.d5 Bc5+ 17.Kh1 g6 18.Bh6 Re8 19.Rad1 Qh4 20.Bf4 Qe7 21.Rf3 Rad8 22.
Nh5 Kf7 23.Nf6 h5 24.Nxe8 Rxe8 25.Rg3 Rg8 26.Bg5 Qe8 27.Bf6 Qa4 28.dxe6+ 
Kxe6 29.Bxf5+ 1-0

[Event "34th WCh U20 Girls"]
[Site "Bhubaneswar IND"]
[Date "2016.08.15"]
[Round "8.7"]
[White "Injac, Teodora"]
[Black "Vaishali, Ramesh Babu"]
[Result "1/2-1/2"]
[WhiteElo "2252"]
[BlackElo "2284"]
[EventDate "2016.08.08"]
[PlyCount "94"]

1.Nf3 Nf6 2.c4 e6 3.d4 d5 4.Bg5 Be7 5.e3 O-O 6.Nc3 b6 7.Qb3 Bb7 8.Bxf6 
Bxf6 9.cxd5 exd5 10.Rd1 Re8 11.Be2 c6 12.O-O Na6 13.Rd2 Nc7 14.Rc1 g6 15.
Bf1 Bg7 16.g3 Qd6 17.Bg2 Re7 18.Ne1 Bh6 19.Qd1 Rae8 20.a3 Ba6 21.Nd3 Bg7 
22.Nb1 Ne6 23.Nb4 Bb7 24.Rdc2 Rc7 25.Rd2 a5 26.Na2 Ba6 27.Nac3 Ng5 28.Na4 
Rb7 29.Qc2 Bb5 30.Nac3 Ba6 31.Na4 Bc4 32.b3 Bb5 33.Nac3 Ba6 34.Na4 Re6 35.
Qd1 f5 36.Rdc2 Ne4 37.Bf1 Bxf1 38.Qxf1 h5 39.Qa6 Qc7 40.Nac3 Qd7 41.Na4 c5
42.dxc5 bxc5 43.Qxa5 Rb5 44.Qa8+ Re8 45.Qa6 Re6 46.Qa8+ Re8 47.Qa6 Re6 
1/2-1/2

[Event "34th WCh U20 Girls"]
[Site "Bhubaneswar IND"]
[Date "2016.08.15"]
[Round "8.8"]
[White "Mahalakshmi, Muganda Kumar"]
[Black "Stiazhkina, Anna"]
[Result "1-0"]
[WhiteElo "2101"]
[BlackElo "2315"]
[EventDate "2016.08.08"]
[PlyCount "69"]

1.Nf3 d5 2.g3 c6 3.Bg2 Bg4 4.O-O e6 5.d3 Nf6 6.b3 Bd6 7.Bb2 h5 8.h3 Bxf3 
9.exf3 h4 10.f4 Nbd7 11.Nd2 Qb6 12.d4 Qd8 13.c4 Nh5 14.Qf3 Qf6 15.cxd5 
cxd5 16.Rac1 Qg6 17.f5 Qxf5 18.Qxf5 exf5 19.Bxd5 hxg3 20.Nc4 gxf2+ 21.Rxf2
Bf4 22.Re1+ Kd8 23.Na5 Rc8 24.Nxb7+ Kc7 25.Re7 Nf6 26.Bg2 Bg3 27.Rxf5 Rhe8
28.Rxf7 Re2 29.Ba3 Rxa2 30.Rxg7 Bh4 31.Bd6+ Kb6 32.Nc5 Ra1+ 33.Kh2 Rd8 34.
Na4+ Ka6 35.Bc7 1-0

[Event "34th WCh U20 Girls"]
[Site "Bhubaneswar IND"]
[Date "2016.08.15"]
[Round "8.9"]
[White "Pratyusha, Bodda"]
[Black "Harshita, Guddanti"]
[Result "0-1"]
[WhiteElo "2329"]
[BlackElo "2180"]
[EventDate "2016.08.08"]
[PlyCount "114"]

1.d4 Nf6 2.Nf3 e6 3.Bf4 b6 4.e3 Bb7 5.Nbd2 d6 6.h3 Nbd7 7.c3 h6 8.Qc2 Be7 
9.Be2 O-O 10.e4 c5 11.e5 Nd5 12.Bh2 cxd4 13.cxd4 dxe5 14.dxe5 Rc8 15.Qd1 
Qc7 16.O-O Rfd8 17.Rc1 Nc5 18.a3 a5 19.Bb5 Qb8 20.Qc2 Nc7 21.Be2 Ba6 22.
Nc4 Ne8 23.b4 Bxc4 24.Bxc4 b5 25.bxc5 Rxc5 26.Nd2 Qc8 27.Qc3 bxc4 28.Ne4 
Rc6 29.Qxa5 Rd5 30.Qa7 Rc7 31.Qa4 Rd3 32.Nc3 Qd7 33.Qa6 Qc6 34.Qxc6 Rxc6 
35.a4 Bb4 36.Na2 Ba5 37.Bf4 Ra3 38.Rc2 Rxa4 39.Rb1 Nc7 40.Rb8+ Kh7 41.Rc8 
c3 42.Be3 Rac4 43.Nc1 Nd5 44.Rxc6 Rxc6 45.Bd4 Bb6 46.Ne2 Nb4 47.Rc1 Bxd4 
48.Nxd4 Rc4 49.Nc2 Nxc2 50.Rxc2 Kg6 51.Kf1 Kf5 52.Ke2 Kxe5 53.Ke3 Kd5 54.
f4 Kc5 55.g3 f6 56.Kd3 Rd4+ 57.Ke3 Kc4 0-1

[Event "34th WCh U20 Girls"]
[Site "Bhubaneswar IND"]
[Date "2016.08.15"]
[Round "8.10"]
[White "Tokhiryonova, Gulrukhbegim"]
[Black "Ivanova, Karina"]
[Result "1-0"]
[WhiteElo "2328"]
[BlackElo "2129"]
[EventDate "2016.08.08"]
[PlyCount "47"]

1.e4 c6 2.d4 d5 3.e5 Bf5 4.Nf3 e6 5.Be2 Nd7 6.O-O Ne7 7.Nbd2 h6 8.a4 Qc7 
9.Nb3 Nc8 10.a5 a6 11.Be3 Be7 12.Rc1 O-O 13.c4 dxc4 14.Bxc4 Na7 15.Ne1 c5 
16.Bd3 Bxd3 17.Nxd3 c4 18.Qg4 Kh7 19.Nf4 Qc6 20.Nd2 b5 21.axb6 Nxb6 22.Nh5
Rg8 23.Qh3 g6 24.Nf6+ 1-0

[Event "34th WCh U20 Girls"]
[Site "Bhubaneswar IND"]
[Date "2016.08.15"]
[Round "8.11"]
[White "Blagojevic, Tijana"]
[Black "Varshini, Velavan"]
[Result "1-0"]
[WhiteElo "2267"]
[BlackElo "2129"]
[EventDate "2016.08.08"]
[PlyCount "117"]

1.e4 c5 2.Nf3 d6 3.Bb5+ Bd7 4.c4 Nf6 5.Nc3 Bxb5 6.cxb5 e6 7.d4 cxd4 8.Nxd4
Be7 9.O-O O-O 10.Qe2 Nbd7 11.Be3 Rc8 12.Rac1 Nc5 13.f3 a5 14.bxa6 Nxa6 15.
Rfd1 Nd7 16.Ndb5 Ne5 17.Bf2 Ra8 18.f4 Ng6 19.g3 Nb4 20.a3 Nc6 21.Rd3 Qb8 
22.Rcd1 Rd8 23.Bb6 Rd7 24.Qg4 Nf8 25.Qe2 Ra6 26.Be3 Na5 27.Bf2 Rd8 28.Na2 
Nc6 29.Qd2 d5 30.exd5 exd5 31.Rxd5 Rxd5 32.Qxd5 Ne6 33.Nac3 Bf6 34.Qf5 Ne7
35.Qe4 h5 36.Rd7 Nc6 37.Qd5 Ne7 38.Qxb7 Qxb7 39.Rxb7 Nf5 40.Ra7 Rc6 41.a4 
Nh6 42.a5 Ng4 43.Ra8+ Kh7 44.a6 Nxf2 45.Kxf2 Nd4 46.a7 Ra6 47.Nc7 Ra1 48.
N3d5 Nc6 49.Nxf6+ gxf6 50.Nb5 Ra5 51.Ke3 Kg7 52.Kd3 f5 53.Kc4 Kf6 54.Kc5 
Ra6 55.b4 Kg7 56.Nd6 Nxa7 57.b5 Ra5 58.Kb6 Nxb5 59.Ne8+ 1-0

[Event "34th WCh U20 Girls"]
[Site "Bhubaneswar IND"]
[Date "2016.08.15"]
[Round "8.12"]
[White "Srija, Seshadri"]
[Black "Kiolbasa, Oliwia"]
[Result "1-0"]
[WhiteElo "2102"]
[BlackElo "2319"]
[EventDate "2016.08.08"]
[PlyCount "95"]

1.e4 c5 2.Nf3 a6 3.c3 d5 4.exd5 Qxd5 5.d4 e6 6.Be2 Nf6 7.O-O Nc6 8.Be3 
cxd4 9.Nxd4 e5 10.Bf3 e4 11.Be2 Nxd4 12.Bxd4 Be7 13.Nd2 O-O 14.a4 Bf5 15.
Nc4 Qc6 16.Ne3 Bg6 17.Qb3 Rad8 18.Rfd1 Nd7 19.Nd5 Bd6 20.c4 Rfe8 21.Qc3 
Bf8 22.b4 b5 23.axb5 axb5 24.Ra7 bxc4 25.Nc7 Re7 26.b5 Qd6 27.Be3 Qxd1+ 
28.Bxd1 Nb6 29.Be2 Nc8 30.b6 Nxa7 31.bxa7 Rxc7 32.Bb6 Rb7 33.Bxd8 Rxa7 34.
g4 Ra3 35.Qxc4 e3 36.f4 Bb1 37.Kg2 Ba2 38.Qc8 Bd5+ 39.Kg3 Ra8 40.Qd7 Be6 
41.Qd1 Bb4 42.f5 Ba2 43.Qd7 Bb3 44.Bg5 Ba4 45.Qb7 Be1+ 46.Kf3 Re8 47.Bxe3 
h6 48.Bc4 1-0

[Event "34th WCh U20 Girls"]
[Site "Bhubaneswar IND"]
[Date "2016.08.15"]
[Round "8.13"]
[White "Soyunlu, Narmin"]
[Black "Eswaran, Ashritha"]
[Result "1-0"]
[WhiteElo "2074"]
[BlackElo "2226"]
[EventDate "2016.08.08"]
[PlyCount "183"]

1.Nf3 d5 2.c4 dxc4 3.Qa4+ Bd7 4.Qxc4 e6 5.g3 c5 6.Bg2 Nc6 7.O-O Nf6 8.d3 
b5 9.Qb3 Bd6 10.Bg5 Na5 11.Qd1 h6 12.Bxf6 Qxf6 13.Nc3 O-O 14.Ne4 Qe7 15.
Qd2 Nb7 16.Nxd6 Qxd6 17.Rac1 Rac8 18.Rfd1 Rc7 19.d4 c4 20.Ne5 Nd8 21.b3 
Qa6 22.Qb4 Be8 23.bxc4 f6 24.cxb5 Rxc1 25.Rxc1 Qxb5 26.Qxb5 Bxb5 27.Nc4 
Nf7 28.Na5 Bxe2 29.Re1 Bh5 30.Rxe6 Ng5 31.Re3 Rb8 32.Nb3 Bf7 33.h4 Ne6 34.
d5 Nc7 35.d6 Nd5 36.Rd3 Nb4 37.Rd2 Bxb3 38.axb3 Kf7 39.Bh3 Nc6 40.Rc2 Rb6 
41.h5 Ke8 42.Rc4 a5 43.d7+ Kd8 44.Kf1 Kc7 45.Ke2 Kd8 46.Kd2 Kc7 47.Kc3 Kd8
48.Rc5 Kc7 49.Rc4 Kd8 50.Rg4 Ne7 51.Rxg7 f5 52.Rf7 Kxd7 53.Bxf5+ Ke8 54.
Bg6 Nxg6 55.hxg6 Rxg6 56.Rf5 Ra6 57.Kc4 Ra8 58.Rh5 Ra6 59.Rf5 Ra8 60.Rh5 
Ra6 61.Kb5 Rf6 62.f4 Rg6 63.Kxa5 Rxg3 64.b4 Rg6 65.Rd5 Rg4 66.f5 h5 67.b5 
Rg1 68.b6 Rb1 69.Rd4 Ke7 70.Rb4 Ra1+ 71.Kb5 Kd7 72.Rd4+ Kc8 73.Rh4 Rb1+ 
74.Kc6 Rc1+ 75.Kd6 Rb1 76.Rxh5 Rxb6+ 77.Ke7 Rb5 78.Rh8+ Kc7 79.f6 Re5+ 80.
Kf7 Kd7 81.Rh1 Re2 82.Rd1+ Kc6 83.Kf8 Re3 84.f7 Re2 85.Rd8 Kc7 86.Re8 Rg2 
87.Ke7 Re2+ 88.Kf6 Rf2+ 89.Ke6 Re2+ 90.Kd5 Rd2+ 91.Kc4 Rc2+ 92.Kd3 1-0

[Event "34th WCh U20 Girls"]
[Site "Bhubaneswar IND"]
[Date "2016.08.15"]
[Round "8.14"]
[White "Chitlange, Sakshi"]
[Black "Parnali, S. Dharia"]
[Result "1/2-1/2"]
[WhiteElo "2014"]
[BlackElo "2203"]
[EventDate "2016.08.08"]
[PlyCount "80"]

1.d4 d5 2.c4 e6 3.Nf3 Nf6 4.g3 dxc4 5.Qa4+ Bd7 6.Qxc4 Bc6 7.Bg2 Bd5 8.Qa4+
Qd7 9.Qxd7+ Nbxd7 10.Nc3 Bb4 11.Bd2 Bxc3 12.Bxc3 Ne4 13.Bd2 Nxd2 14.Kxd2 
e5 15.dxe5 Nxe5 16.Nh4 O-O-O 17.Kc3 g5 18.Rhd1 Be6 19.Nf3 Nxf3 20.Bxf3 c5 
21.h4 h6 22.a3 b6 23.Be4 Kc7 24.Rxd8 Rxd8 25.hxg5 hxg5 26.Rh1 b5 27.Rh5 
b4+ 28.axb4 cxb4+ 29.Kc2 Bg4 30.Rxg5 Bxe2 31.Rd5 Rxd5 32.Bxd5 f6 33.Kd2 
Bh5 34.Ke3 Kd6 35.Kd4 Be2 36.Bg8 a5 37.b3 Bf3 38.Bf7 Be2 39.Bg8 Bf3 40.Bf7
Be2 1/2-1/2